000 00708nam a2200169 4500
999 _c17429
_d17429
008 221017b ||||| |||| 00| 0 eng d
020 _a9786214181902
082 _22021
_aDFil 363.256
_bD923
245 _aHandbook in questioned documents examination with laboratory manual :
_bOBE compliant /
_cJoenard Contreras Duno and Violeta Cabarles Efondo.
260 _aManila :
_bWiseman's Books Trading, Inc.,
_c©2021.
300 _avii, 144 pages :
_billustrations ;
_c27 cm.
500 _aIncludes bibliographical references.
650 _aWriting
_xIdentification.
_946395
650 _aLegal documents
_xIdentification.
_946396
700 _aEfondo, Violeta Cabarles.
_eauthor.
_946397
942 _2ddc
_cDFIL